000 00425nam a22001697a 4500
999 _c524823
_d524823
003 NUST
038 _awaseem
082 _a891.421
_bBAJ
100 _aBajwa, Akram
_915616
245 _aJhaat Fajor De /
_cAkram Bajwa
260 _aMultan :
_bLala Academy,
_c1999.
300 _a96 p. ;
500 _aHardcover.
880 _6100-01\r
_aاکرم باجوہ
880 _6245-02\r
_aجھات فجر دی /
942 _2ddc
_cBK